1078 1109 1582 1706 1012 1425 1407 1321 1108 1645 1417 1914 1138 1498 1551 1592 1669 1322 1182 1775 1377 1814 1972 1533 1150 1670 1042 1727 1569 1726 1948 1750 1018 1867 1098 1396 1842 1259 1345 1895 1971 1063 1147 1192 1014 1836 1236 1578 1656 1456 1086 1229 1062 1742 1280 1904 1200 1263 1758 1062 1374 1735 1484 1867 1758 1895 1175 1773 1612 1645 1151 1143 1516 1698 1862 1045 1660 1848 1093 1283 1036 1696 1301 1449 1984 1805 1643 1485 1353 1431 1945 1452 1257 1748 1012 1200 1208 1260 1365 BCNSPRNW ULIB Ver.6.0+V

เปลี่ยนเป็นภาษาไทย

Change to English
 แสดงรายละเอียดบรรณานุกรม
  กลับหน้าหลัก

Brief Record : Get Marc (ISO 2709) : E-mail record : QR code < ปิดหน้าต่าง
LEADER : 00000nam 2200000uu 4500
001    13399122139
003     ULIB
008    130104s2555||||th 000 0 tha d
020    ^a9789747533941
060 04 ^aWC100^bU66
245 00 ^aUpdate on pediatric infectious diseases 2012 /^cบรรณาธิการ
246 30 ^aPediatric infectious diseases 2012
250    ^aพิมพ์ครั้งที่ 1
260    ^aกรุงเทพฯ :^bสมาคมโรคติดเชื้อในเด็กแห่งประเทศไทย,^c2555
300    ^axi, 278 หน้า :^bภาพประกอบ ;^c28 ซม.
650  4 ^aกุมารเวชศาสตร์
650  4 ^aเด็ก^xโรค^xการรักษา
650  4 ^aโรคติดต่อ^xในวัยทารกและวัยเด็ก
650  4 ^aโรคติดต่อเชื้อ, การควบคุม
700 0  ^aพิรังกูร เกิดพานิช,^eบรรณาธิการ
700 0  ^aวีระชัย วัฒนาวีรเดช,^eบรรณาธิการ
700 0  ^aทวี โชติพิทยสุนนท์,^eบรรณาธิการ
710 2  ^aสมาคมโรคติดเชื้อในเด็กแห่งประเทศไทย
945    ^p400^l0^i19575
945    ^p400^l0^i20186
995    ^aทศพร
999    ^aใช้งานได้ทุกระบบ
รายการนี้ยังไม่มีแท็ก
คุณยังไม่ได้ล็อกอิน คุณสามารถมีกิจกรรมร่วมกับเว็บไซต์ได้ แต่ต้องล็อกอินก่อน ::
  ล็อกอิน

รายการสื่อสารสนเทศ

ลำดับที่ ประเภท เลขเรียก/บาร์โค้ด สถานที่ สถานะ
1. วิทยาศาสตร์การแพทย์ และสุขภาพ
วิทยาศาสตร์การแพทย์ และสุขภาพ
สถานะ=หนังสือเก่า
WC100 U66  
  Barcode: 19575
ห้องสมุดวิทยาเขตนครสวรรค์
►ส่วนจัดเก็บหนังสือเก่า นว.
บนชั้น
  ขอยืม
2. วิทยาศาสตร์การแพทย์ และสุขภาพ
วิทยาศาสตร์การแพทย์ และสุขภาพ
สถานะ=หนังสือเก่า
WC100 U66 ฉ.2 
  Barcode: 20186
ห้องสมุดวิทยาเขตนครสวรรค์
►ส่วนจัดเก็บหนังสือเก่า นว.
บนชั้น
  ขอยืม

รายการใกล้เคียง
    หัวเรื่อง [กุมารเวชศาสตร์]
    หัวเรื่อง [โรคติดต่อเชื้อ, การควบคุม]

BibComment


ยังไม่เคยถูกคอมเมนท์

คอมเมนท์ทรัพยากรรายการนี้
  คอมเมนท์: Update on pediat..


 Copyright 2026. Bcnsprnw @Library